Advanced strength of materials (Record no. 6074)

000 -LEADER
fixed length control field 00525nam a2200193 4500
001 - CONTROL NUMBER
control field 6074
003 - CONTROL NUMBER IDENTIFIER
control field BD-DhHUET
008 - FIXED-LENGTH DATA ELEMENTS--GENERAL INFORMATION
fixed length control field 790809s1952 nyua 001 0 eng
020 ## - INTERNATIONAL STANDARD BOOK NUMBER
International Standard Book Number 070164002
040 ## - CATALOGING SOURCE
Original cataloging agency DLC
Transcribing agency DLC
Modifying agency BD-DhHUET
082 ## - DEWEY DECIMAL CLASSIFICATION NUMBER
Classification number 620.11
Item number DEN/1952
100 1# - MAIN ENTRY--PERSONAL NAME
Personal name Den Hartog, J. P.
245 10 - TITLE STATEMENT
Title Advanced strength of materials
Statement of responsibility, etc. by Den Hartog, J. P.
250 ## - EDITION STATEMENT
Edition statement 1st ed.
260 ## - PUBLICATION, DISTRIBUTION, ETC. (IMPRINT)
Place of publication, distribution, etc. New York
Name of publisher, distributor, etc. McGraw-Hill
Date of publication, distribution, etc. 1952
300 ## - PHYSICAL DESCRIPTION
Extent ix,379 p.
Other physical details illus.
Dimensions 24 cm.
650 #0 - SUBJECT ADDED ENTRY--TOPICAL TERM
Topical term or geographic name as entry element Strength of materials: engineering
942 ## - ADDED ENTRY ELEMENTS (KOHA)
Koha item type General Book
Holdings
Price effective from Sublocation or collection (holding branch) Copy number Piece designation (barcode) Shelving location Date acquired Withdrawn status Koha date last seen Koha full call number Lost status Koha item type Source of classification or shelving scheme Damaged status Location (home branch) Not for loan Koha normalized classification for sorting
2014-11-30Central Library, BUET187925Circulation section2014-11-30 2014-11-30620.11/DEN/1952 General Book  Central Library, BUET 620_000000000000000_11DEN1952
2015-04-23Central Library, BUET229906Circulation section2015-04-23 2015-04-23620.11/DEN/1952 General Book  Central Library, BUET 620_110000000000000_DEN_1952
2015-04-23Central Library, BUET329901Circulation section2015-04-23 2015-04-23620.11/DEN/1952 General Book  Central Library, BUET 620_110000000000000_DEN_1952
2015-04-23Central Library, BUET434760Circulation section2015-04-23 2015-04-23620.11/DEN/1952 General Book  Central Library, BUET 620_110000000000000_DEN_1952
2015-04-23Central Library, BUET529903Circulation section2015-04-23 2015-04-23620.11/DEN/1952 General Book  Central Library, BUET 620_110000000000000_DEN_1952
2015-04-23Central Library, BUET634761Circulation section2015-04-23 2015-04-23620.11/DEN/1952 General Book  Central Library, BUET 620_110000000000000_DEN_1952
2015-04-23Central Library, BUET729908Circulation section2015-04-23 2015-04-23620.11/DEN/1952 General Book  Central Library, BUET 620_110000000000000_DEN_1952
2015-04-23Central Library, BUET829905Circulation section2015-04-23 2015-04-23620.11/DEN/1952 General Book  Central Library, BUET 620_110000000000000_DEN_1952
2015-04-23Central Library, BUET929904Circulation section2015-04-23 2015-04-23620.11/DEN/1952 General Book  Central Library, BUET 620_110000000000000_DEN_1952
2015-04-25Central Library, BUET1034762Circulation section2015-04-25 2015-04-25620.11/DEN/1952 General Book  Central Library, BUET 620_110000000000000_DEN_1952
2015-04-25Central Library, BUET1129907Circulation section2015-04-25 2015-04-25620.11/DEN/1952 General Book  Central Library, BUET 620_110000000000000_DEN_1952